|
|
|
|
| LEADER |
00000nam a22000007a 4500 |
| 005 |
20150323192934.0 |
| 007 |
cr|||| |||| |
| 008 |
150323s2015 mx |||||s|||| 00||0 spa d |
| 020 |
|
|
|a 978-368-726-887-1
|
| 035 |
|
|
|a 12635
|
| 040 |
|
|
|a vLex
|
| 090 |
|
|
|c 5379
|d 5379
|
| 100 |
1 |
|
|a Mňdez Castro, Ricardo
|
| 245 |
1 |
0 |
|a Contribuciones al Comercio Exterior 2015
|h [Recurso electrn̤ico] /
|c Ricardo Mňdez Castro
|
| 256 |
|
|
|a Servicio en ln̕ea
|
| 260 |
|
|
|a Mx̌ico D.F:
|b Ediciones Fiscales ISEF,
|c 2015
|
| 300 |
|
|
|a 1 recurso electrn̤ico
|
| 650 |
0 |
4 |
|a Comercio exterior
|z Mx̌ico
|
| 740 |
0 |
|
|a vLex Libros (Servicio en ln̕ea)
|
| 856 |
4 |
0 |
|u http://vlex.com/source/contribuciones-comercio-exterior-2015-12635
|z Acceso restringido
|
| 942 |
|
|
|c BOOK
|
| 999 |
0 |
|
|a International trade
|